7 Roles to create sustainable success : a practical guide for sustainability and CSR professionals /

Bibliographic Details
Main Author: Wijdoogen, Carola (Author)
Format: Book
Language:English
Published: Amsterdam : Sustainability University Foundation, [2020]
Subjects:

MARC

Tag First Indicator Second Indicator Subfields
LEADER 00000cam a2200000Ii 4500
001 in00004446607
008 200820t20202020ne a b 000 0 eng d
005 20250318214702.0
019 |a 1200495757 
020 |a 9789082949742 
020 |a 9082949741  |q paperback 
035 |a (OCoLC)on1186588754 
035 |a (OCoLC)1186588754  |z (OCoLC)1200495757 
040 |a NLGGC  |b eng  |e rda  |c NLGGC  |d YDX  |d BDX  |d UKMGB  |d YDX 
050 4 |a HD60  |b .W55 2020 
082 0 4 |a 658.408023  |2 23 
100 1 |a Wijdoogen, Carola,  |e author. 
245 1 0 |a 7 Roles to create sustainable success :  |b a practical guide for sustainability and CSR professionals /  |c Carola Wijdoogen. 
264 1 |a Amsterdam :  |b Sustainability University Foundation,  |c [2020] 
264 4 |c ©2020 
300 |a 207 pages :  |b illustrations ;  |c 25 cm 
336 |a text  |b txt  |2 rdacontent 
337 |a unmediated  |b n  |2 rdamedia 
338 |a volume  |b nc  |2 rdacarrier 
504 |a Includes bibliographical references. 
650 7 |a maatschappelijk verantwoord ondernemen.  |2 nbdbt 
650 0 |a Social responsibility of business  |x Vocational guidance. 
650 0 |a Sustainable development  |x Vocational guidance. 
852 8 |b pda,print  |z This title is available for the library to purchase for your use. Click the "Purchase It For Me" button to place a request. This item may take 5-10 business days to arrive. 
955 |a Print PDA title 
999 f f |s 89556acb-f36b-429f-beec-ca595d2e8502  |i 51089e3b-bed5-3c75-bbd6-6e2f7163282f  |t 0 
952 f f |a Texas A&M University  |b College Station  |c Sterling C. Evans Library  |d Purchase on Demand  |t 0  |e HD60 .W55 2020  |h Library of Congress classification 
998 f f |a HD60 .W55 2020  |t 0  |l Purchase on Demand